00614 2200217 4500001002100000005001500021035002000036007000300056008004100059020001800100082001100118084001700129100001600146245010900162250000600271260003000277300004600307700000900353700001700362990001700379INLIS00000000000154120260604083131 a0010-1123000172ta260604 c 0 ind  a979-3664-57-6 a297.32 a297.32 NUR a0 aNurul Ihsan1 aAsyiknya Aku Shalat Wajib :bseri feqih anak /cNurul Ihsan ; ilustrasi, dini ; penyunting, Eka Wardhana a- aBandung :bSyaamil,c2006 a22 :bilus. ; gambar berwarna ;c28 cme-0 adini0 aEka Wardhana a00078/K/2007